000 00885nam a2200253Ia 4500
999 _c52116
_d52116
003 GCL
005 20240530104949.0
008 140319s9999 xx 000 0 ara d
040 _aGCL /
_cGCL
082 0 4 _a219.3
_bف ا
100 1 _aفوللر ، جراهام اي
245 1 0 _aالاسلام والغرب بين التعاون والمواجهة /
_cفوللر ، جراهام اي
250 _aالاولى
260 _aالقاهرة :
_bمركز الاهرام للترجمة والنشر ،
_c1996
300 _a215 ص ؛
_c25 سم
650 0 4 _aالاسلام
650 0 4 _aالاسلام - دعوة
650 0 4 _aالاسلام والاصلاح السياسى
650 0 4 _aالغرب
650 0 4 _aالاسلام والسياسة
700 1 _aشوقى جلال
_eمترجم
700 1 _aليسر ، ايان او
_eمؤلف مشارك
942 _2ddc
_cBK